000 00679nam a2200217 a 4500
005 20230909063618.0
008 151028s1996 mx r 000 0 spa d
020 _a9688425958
035 _aUPN01000206440
049 _aCG
050 4 _aB105 B6.4
_bB3.5
100 1 _aBaz y Téllez, Margarita
_938157
245 1 0 _aMetáforas del cuerpo :
_bun estudio sobre la mujer y la danza /
_cMargarita Baz.
260 _aMéxico :
_bUNAM :
_bUAM-Xochimilco,
_c1996.
300 _a245 p.
440 4 _aLas ciencias sociales.
_pEstudios de género
650 4 _aCuerpo humano (Filosofía)
_919183
650 4 _aBAILARINAS -
_xPSICOLOGIA
_924475
905 _aLibro
999 _c178541
_d178541